Central Library OPAC University of Rajshahi

Modern network synthesis / (Record no. 66282)

MARC details
000 -LEADER
fixed length control field 00738nam a2200253 a 4500
001 - CONTROL NUMBER
control field 66282
003 - CONTROL NUMBER IDENTIFIER
rucl marc code BD-RjUL
005 - DATE AND TIME OF LATEST TRANSACTION
control field 20211209081523.0
008 - FIXED-LENGTH DATA ELEMENTS--GENERAL INFORMATION
fixed length control field 170315s1964 nyua b 001 0 eng d
035 ## - SYSTEM CONTROL NUMBER
System control number (BD-RjUL) 66412
040 ## - CATALOGING SOURCE
Transcribing agency TOL
Modifying agency MYG
Original cataloging agency BD-RjUL
Language of cataloging eng
041 ## - LANGUAGE CODE
Language code of text/sound track or separate title eng
082 ## - DEWEY DECIMAL CLASSIFICATION NUMBER
Edition number 23
Classification number 621.3192
Author mark and year CAM 1964
090 ## - LOCALLY ASSIGNED LC-TYPE CALL NUMBER (OCLC); LOCAL CALL NUMBER (OCLC)
Classification number (OCLC) (R) ; Classification number, CALL (RLIN) (NR) TK3226
Local cutter number (OCLC) ; Book number/undivided call number, CALL (RLIN) .C141
099 ## - LOCAL FREE-TEXT CALL NUMBER (OCLC)
Bangla Class number TK3226.C141
100 1# - MAIN ENTRY--PERSONAL NAME
Personal name Calahan, Donald A.
Fuller form of name (Donald Albert),
Dates associated with a name 1935-
9 (RLIN) 196177
245 10 - TITLE STATEMENT
Title Modern network synthesis /
Statement of responsibility, etc. Donald A Calahan
260 ## - PUBLICATION, DISTRIBUTION, ETC. (IMPRINT)
Place of publication, distribution, etc. New York :
Name of publisher, distributor, etc. Hayden Book Co.,
Date of publication, distribution, etc. c1964
300 ## - PHYSICAL DESCRIPTION
Pagination v. p. :
Illustrations ill.;
Size 23 cm.
504 ## - BIBLIOGRAPHY, ETC. NOTE
Bibliography, etc Includes bibliographies & Index.
505 0# - FORMATTED CONTENTS NOTE
Formatted contents note Vol. 1-- Approximation
650 #0 - SUBJECT ADDED ENTRY--TOPICAL TERM
Topical term or geographic name as entry element Electric networks.
9 (RLIN) 196178
942 ## - ADDED ENTRY ELEMENTS (KOHA)
Source of classification or shelving scheme Dewey Decimal Classification
Koha item type Books
Holdings
Lost status Source of classification or shelving scheme Damaged status Not for loan Collection code Permanent Location Current Location Shelving location Date acquired Source of acquisition Total Checkouts Full call number Date last seen Copy number Koha item type
  Dewey Decimal Classification   Not For Loan Non-fiction Central Library, University of Rajshahi Central Library, University of Rajshahi Reading Room 30/06/1966 Asia Foundation   621.3192 CAM V-1 1964 15/03/2017 C-1 Books